000
00256nam a2200109Ia 4500
008
190216s9999||||xx |||||||||||||| ||und||
100
_a
Vashishta B R
245
0
_a
Botany For Degree Students Fungi
260
_b
S Chand & Co
650
_a
Botany
942
_c
BK
999
_c
1164
_d
1164